Sports Quiz

Random Sports or Country Quiz

Wicket Takers Test Cricket Quiz Stats

 Plays Quiz Updated Jul 5, 2016

Challenge
Share
Tweet
Embed
Score 0/71 Timer 10:00
7 Plays Today
Year Player % Correct
1993Shane Warne
94.7%
2005Shane Warne
94.7%
2002Shane Warne
94.7%
1997Shane Warne
94.7%
1994Shane Warne
94.7%
2001Muttiah Muralitharan
83.8%
2000Muttiah Muralitharan
83.8%
2007=Muttiah Muralitharan
83.8%
2006Muttiah Muralitharan
83.8%
1999Glenn McGrath
83.7%
2013Stuart Broad
82.3%
2008Dale Steyn
73.4%
1978Ian Botham
72.1%
1995Courtney Walsh
68.6%
2004Anil Kumble
64.7%
2007=Anil Kumble
64.7%
1998Allan Donald
62.8%
1982Imran Khan
62.4%
2015Ravichandran Ashwin
62.3%
1976Michael Holding
58.6%
1972Dennis Lillee
58.3%
1981Dennis Lillee
58.3%
1975Dennis Lillee
58.3%
2012Rangana Herath
58.1%
2014Rangana Herath
58.1%
1986Malcolm Marshall
54.7%
1988Malcolm Marshall
54.7%
1990Waqar Younis
54.3%
2010Dale Steyn
53.8%
2003Makhaya Ntini
53.3%
1985Richard Hadlee
53.1%
1977Bob Willis
50.2%
1979Kapil Dev
50.1%
1983Kapil Dev
50.1%
1984Joel Garner
47.4%
1980Joel Garner
47.4%
Year Player % Correct
2009Mitchell Johnson
46.7%
1963Fred Trueman
44.8%
1962Fred Trueman
44.8%
1960Fred Trueman
44.8%
1956Jim Laker
41.9%
1992Craig McDermott
35.3%
1991Craig McDermott
35.3%
2011Saeed Ajmal
34.5%
1959Richie Benaud
31.2%
1968John Snow
27.2%
1989Terry Alderman
26.3%
1987Abdul Qadir
23.8%
1951Alec Bedser
21.6%
1946Alec Bedser
21.6%
1953Alec Bedser
21.6%
1954Brian Statham
19.5%
1996Venkatesh Prasad
17.1%
1974Tony Greig
15.4%
1948Ray Lindwall
14.8%
1970Mike Procter
14%
1971Srinivas Venkataraghavan
13.2%
1950Alf Valentine
11.8%
1969Erapalli Prasanna
10.9%
1967Erapalli Prasanna
10.9%
1965Fred Titmus
9.4%
1964Garth McKenzie
8.6%
1961Alan Davidson
8.6%
1973Geoff Arnold
7.6%
1952Vinoo Mankad
7.1%
1957Hugh Tayfield
6.9%
1966Ken Higgs
5%
1955Subhash Gupte
4.1%
1958Roy Gilchrist
3.9%
1947Doug Wright
3.7%
1949Athol Rowan
2.4%

You're not logged in!

Compare scores with friends on all Sporcle quizzes.
OR
Log In

You Might Also Like...

Show Comments

Extras

Top Quizzes Today


Score Distribution

Your Account Isn't Verified!

In order to create a playlist on Sporcle, you need to verify the email address you used during registration. Go to your Sporcle Settings to finish the process.

Report this User

Report this user for behavior that violates our Community Guidelines.

Details: